[Event "Kupreichik Memorial Open 2018"]
[Site "Minsk"]
[Date "2018.06.22"]
[Round "6"]
[White "Tsigelnitskiy, Ilusha"]
[Black "Fedotov, Konstantin"]
[Result "1-0"]
[WhiteElo "2253"]
[BlackElo "2090"]
[Annotator "NA"]
[PlyCount "105"]
[EventDate "2018.06.21"]
[EventCountry "BLR"]
[SourceTitle "playchess.com"]
[Source "ChessBase"]
[SourceQuality "1"]
[TimeControl "900+10"]

1. e4 {[%emt 0:00:00]} c6 {[%emt 0:00:01]} 2. d4 {[%emt 0:00:00]} d5 {[%emt 0:00:01]} 3. Nd2 {[%emt 0:00:01]} Nf6 {[%emt 0:00:03]} 4. e5 {[%emt 0:00:16]} Nfd7 {[%emt 0:00:01]} 5. Ngf3 {[%emt 0:02:33]} e6 {[%emt 0:00:02]} 6. Bd3 {[%emt 0:00:31]} c5 {[%emt 0:00:03]} 7. c3 {[%emt 0:00:13]} Nc6 {[%emt 0:00:09]} 8. O-O {[%emt 0:00:46]} Be7 {[%emt 0:00:04]} 9. a3 {[%emt 0:00:47]} a5 {[%emt 0:00:31]} 10. b3 {[%emt 0:02:59]} Qb6 {[%emt 0:00:18]} 11. Bb2 {[%emt 0:00:04]} c4 {[%emt 0:02:04]} 12. Be2 {[%emt 0:00:53]} cxb3 {[%emt 0:00:13]} 13. Qxb3 {[%emt 0:00:02]} Qxb3 {[%emt 0:01:45]} 14. Nxb3 {[%emt 0:00:02]} Nb6 {[%emt 0:00:02]} 15. a4 {[%emt 0:01:41]} Nc4 {[%emt 0:00:46]} 16. Bxc4 {[%emt 0:00:31]} dxc4 {[%emt 0:00:02]} 17. Nbd2 {[%emt 0:00:10]} b6 {[%emt 0:00:03]} 18. Nxc4 {[%emt 0:02:00]} Ba6 {[%emt 0:00:01]} 19. Nfd2 {[%emt 0:00:01]} O-O {[%emt 0:06:20]} 20. Rfb1 {[%emt 0:00:55]} Rab8 {[%emt 0:01:27]} 21. Ba3 {[%emt 0:00:16]} Rfc8 {[%emt 0:00:16]} 22. Rxb6 {[%emt 0:01:40]} Bxc4 {[%emt 0:00:32]} 23. Nxc4 {[%emt 0:00:11]} Bxa3 {[%emt 0:00:16]} 24. Rxa3 {[%emt 0:00:48]} Nxd4 {[%emt 0:00:04]} 25. Rxb8 {[%emt 0:00:35]} Rxb8 {[%emt 0:00:02]} 26. g3 {[%emt 0:00:20]} Rb1+ {[%emt 0:02:29]} 27. Kg2 {[%emt 0:00:02]} Nc2 {[%emt 0:00:01]} 28. Ra2 {[%emt 0:00:11]} Ne1+ {[%emt 0:00:02]} 29. Kh3 {[%emt 0:00:07]} Nf3 {[%emt 0:00:02]} 30. Nxa5 {[%emt 0:00:35]} Nxe5 {[%emt 0:00:33]} 31. f4 {[%emt 0:00:20]} Nf3 {[%emt 0:01:02]} 32. Nc4 {[%emt 0:00:38]} h5 {[%emt 0:00:02]} 33. a5 {[%emt 0:00:03]} g5 {[%emt 0:00:01]} 34. fxg5 {[%emt 0:00:04]} Nxg5+ {[%emt 0:00:01]} 35. Kg2 {[%emt 0:00:02]} Rb7 {[%emt 0:00:36]} 36. a6 {[%emt 0:00:01]} Ra7 {[%emt 0:00:00]} 37. Ne5 {[%emt 0:00:07]} Ne4 {[%emt 0:00:07]} 38. Nc6 {[%emt 0:00:02]} Ra8 {[%emt 0:01:09]} 39. a7 {[%emt 0:00:02]} Nc5 {[%emt 0:00:04]} 40. Rb2 {[%emt 0:00:06]} Na6 {[%emt 0:00:08]} 41. Rb6 {[%emt 0:00:09]} Nc7 {[%emt 0:00:04]} 42. Rb7 {[%emt 0:00:11]} Na6 {[%emt 0:00:01]} 43. Rb8+ {[%emt 0:00:25]} Nxb8 {[%emt 0:00:03]} 44. axb8=Q+ {[%emt 0:00:03]} Rxb8 {[%emt 0:00:16]} 45. Nxb8 {[%emt 0:00:02]} Kf8 {[%emt 0:00:01]} 46. Nc6 {[%emt 0:00:03]} Ke8 {[%emt 0:00:02]} 47. Kf3 {[%emt 0:00:07]} f6 {[%emt 0:00:01]} 48. Ke4 {[%emt 0:00:04]} Kd7 {[%emt 0:00:01]} 49. Nd4 {[%emt 0:00:02]} Kd6 {[%emt 0:00:01]} 50. c4 {[%emt 0:00:38]} e5 {[%emt 0:00:07]} 51. Nf3 {[%emt 0:00:25]} Ke6 {[%emt 0:00:02]} 52. Nxe5 {[%emt 0:00:08]} fxe5 {[%emt 0:00:03]} 53. c5 {[%emt 0:00:02]} 1-0

[Event "Kupreichik Memorial Open 2018"]
[Site "Minsk"]
[Date "2018.06.22"]
[Round "6"]
[White "Sihite, Chelsie Monica Igne"]
[Black "Zhukovskij, Viktor"]
[Result "1/2-1/2"]
[WhiteElo "2236"]
[BlackElo "1973"]
[Annotator "NA"]
[PlyCount "108"]
[EventDate "2018.06.21"]
[EventCountry "BLR"]
[SourceTitle "playchess.com"]
[Source "ChessBase"]
[SourceQuality "1"]
[TimeControl "900+10"]

1. e4 {[%emt 0:00:00]} c5 {[%emt 0:00:01]} 2. Nf3 {[%emt 0:00:00]} Nc6 {[%emt 0:00:02]} 3. Bb5 {[%emt 0:00:00]} g6 {[%emt 0:00:05]} 4. O-O {[%emt 0:00:00]} Bg7 {[%emt 0:00:02]} 5. Re1 {[%emt 0:00:02]} Nf6 {[%emt 0:00:05]} 6. h3 {[%emt 0:00:11]} O-O {[%emt 0:00:06]} 7. e5 {[%emt 0:00:16]} Nd5 {[%emt 0:00:18]} 8. Nc3 {[%emt 0:00:05]} Nc7 {[%emt 0:02:13]} 9. a4 {[%emt 0:00:31]} Ne6 {[%emt 0:01:39]} 10. d3 {[%emt 0:00:20]} b6 {[%emt 0:00:21]} 11. Bc4 {[%emt 0:02:28]} Bb7 {[%emt 0:02:28]} 12. Nd5 {[%emt 0:00:39]} Nc7 {[%emt 0:00:13]} 13. Bg5 {[%emt 0:00:20]} h6 {[%emt 0:00:47]} 14. Bh4 {[%emt 0:00:13]} Re8 {[%emt 0:03:08]} 15. Nxc7 {[%emt 0:00:45]} Qxc7 {[%emt 0:00:04]} 16. Bg3 {[%emt 0:00:06]} e6 {[%emt 0:01:13]} 17. c3 {[%emt 0:00:38]} Na5 {[%emt 0:00:28]} 18. Ba2 {[%emt 0:00:01]} a6 {[%emt 0:00:18]} 19. b4 {[%emt 0:00:34]} Nc6 {[%emt 0:00:33]} 20. Rc1 {[%emt 0:00:16]} Rac8 {[%emt 0:00:08]} 21. Qd2 {[%emt 0:00:45]} cxb4 {[%emt 0:00:18]} 22. cxb4 {[%emt 0:00:13]} Qb8 {[%emt 0:00:01]} 23. d4 {[%emt 0:00:32]} Ne7 {[%emt 0:00:07]} 24. Qd3 {[%emt 0:00:13]} Rxc1 {[%emt 0:00:54]} 25. Rxc1 {[%emt 0:00:04]} Rc8 {[%emt 0:00:01]} 26. Bf4 {[%emt 0:01:52]} Rxc1+ 27. Bxc1 {[%emt 0:00:02]} Qc8 {[%emt 0:00:16]} 28. Bd2 {[%emt 0:00:28]} Qc6 {[%emt 0:00:15]} 29. b5 {[%emt 0:00:10]} axb5 {[%emt 0:00:15]} 30. axb5 {[%emt 0:00:01]} Qc8 {[%emt 0:00:28]} 31. Bb3 {[%emt 0:00:42]} Qa8 {[%emt 0:00:20]} 32. Ne1 {[%emt 0:00:01]} Nd5 {[%emt 0:00:19]} 33. Qb1 {[%emt 0:00:37]} Qb8 {[%emt 0:00:03]} 34. Bc2 {[%emt 0:00:46]} d6 {[%emt 0:00:18]} 35. f4 {[%emt 0:00:19]} dxe5 {[%emt 0:00:14]} 36. fxe5 {[%emt 0:00:04]} Qc8 {[%emt 0:00:06]} 37. Bd3 {[%emt 0:00:07]} Qd7 {[%emt 0:00:19]} 38. Kf1 {[%emt 0:02:03]} Ne7 {[%emt 0:00:04]} 39. Bc3 {[%emt 0:00:37]} Nf5 {[%emt 0:00:10]} 40. Qb4 {[%emt 0:01:21]} Ne3+ {[%emt 0:01:05]} 41. Kf2 {[%emt 0:00:01]} Nd5 {[%emt 0:00:02]} 42. Qc4 {[%emt 0:00:12]} Nxc3 {[%emt 0:00:22]} 43. Qxc3 {[%emt 0:00:01]} f6 44. Nf3 {[%emt 0:00:25]} f5 {[%emt 0:01:34]} 45. Bc4 {[%emt 0:00:11]} Kf7 {[%emt 0:00:11]} 46. Qe3 {[%emt 0:00:30]} Bd5 {[%emt 0:00:12]} 47. Be2 {[%emt 0:00:12]} Qc7 {[%emt 0:00:08]} 48. g4 {[%emt 0:00:05]} Qc2 {[%emt 0:00:16]} 49. Ne1 {[%emt 0:00:38]} Qe4 {[%emt 0:00:13]} 50. Bf3 {[%emt 0:00:02]} Qxe3+ {[%emt 0:00:06]} 51. Kxe3 {[%emt 0:00:01]} Bc4 {[%emt 0:00:15]} 52. Be2 {[%emt 0:00:10]} Bd5 {[%emt 0:00:04]} 53. Bf3 {[%emt 0:00:01]} Bc4 {[%emt 0:00:02]} 54. Be2 {[%emt 0:00:01]} Bd5 {[%emt 0:00:02]} 1/2-1/2

[Event "Kupreichik Memorial Open 2018"]
[Site "Minsk"]
[Date "2018.06.22"]
[Round "6"]
[White "Nigmatov, Ortik"]
[Black "Ilyuchyk, Yana"]
[Result "1-0"]
[WhiteElo "2210"]
[BlackElo "1971"]
[Annotator "NA"]
[PlyCount "69"]
[EventDate "2018.06.21"]
[EventCountry "BLR"]
[SourceTitle "playchess.com"]
[Source "ChessBase"]
[SourceQuality "1"]
[TimeControl "900+10"]

1. e4 {[%emt 0:00:00]} c5 {[%emt 0:00:01]} 2. Nf3 {[%emt 0:00:00]} Nc6 {[%emt 0:00:02]} 3. d4 {[%emt 0:00:00]} cxd4 4. Nxd4 {[%emt 0:00:00]} Nf6 {[%emt 0:00:03]} 5. Nc3 {[%emt 0:00:00]} d6 {[%emt 0:00:02]} 6. Bg5 {[%emt 0:00:03]} e6 {[%emt 0:00:03]} 7. Qd2 {[%emt 0:00:04]} Be7 {[%emt 0:00:03]} 8. O-O-O {[%emt 0:00:21]} O-O {[%emt 0:00:03]} 9. f3 {[%emt 0:00:21]} Nxd4 {[%emt 0:00:11]} 10. Qxd4 {[%emt 0:00:03]} a6 {[%emt 0:00:23]} 11. g4 {[%emt 0:00:21]} b5 {[%emt 0:00:27]} 12. h4 {[%emt 0:01:52]} Qa5 {[%emt 0:01:09]} 13. a3 {[%emt 0:00:51]} Rb8 {[%emt 0:02:43]} 14. Bd2 {[%emt 0:01:57]} Qc7 {[%emt 0:00:53]} 15. h5 {[%emt 0:00:46]} Nd7 {[%emt 0:02:16]} 16. g5 {[%emt 0:00:03]} Qc5 {[%emt 0:00:09]} 17. Qxc5 {[%emt 0:00:44]} dxc5 {[%emt 0:00:04]} 18. Bf4 {[%emt 0:00:21]} Ra8 {[%emt 0:02:00]} 19. Rh2 {[%emt 0:00:19]} Nb6 {[%emt 0:01:09]} 20. Bc7 {[%emt 0:01:12]} Nd7 {[%emt 0:01:32]} 21. f4 {[%emt 0:00:26]} Nb8 {[%emt 0:01:03]} 22. e5 {[%emt 0:03:21]} Nc6 {[%emt 0:00:56]} 23. Bg2 {[%emt 0:00:36]} Ra7 {[%emt 0:00:01]} 24. Bd6 {[%emt 0:00:50]} Nd4 {[%emt 0:00:34]} 25. b4 {[%emt 0:00:05]} cxb4 {[%emt 0:00:22]} 26. axb4 {[%emt 0:00:07]} Nf5 {[%emt 0:00:23]} 27. Bxe7 {[%emt 0:01:20]} Rxe7 {[%emt 0:00:03]} 28. Rh3 {[%emt 0:01:22]} Bb7 {[%emt 0:00:12]} 29. Bxb7 {[%emt 0:00:18]} Rxb7 {[%emt 0:00:01]} 30. Ne4 {[%emt 0:00:03]} Rc7 {[%emt 0:00:29]} 31. h6 {[%emt 0:00:13]} Rfc8 {[%emt 0:01:13]} 32. Rhd3 {[%emt 0:00:59]} gxh6 {[%emt 0:00:39]} 33. Nf6+ {[%emt 0:00:29]} Kf8 {[%emt 0:00:18]} 34. Rd8+ {[%emt 0:00:11]} Ke7 {[%emt 0:00:32]} 35. Ng8# {[%emt 0:00:02]} 1-0

[Event "Kupreichik Memorial Open 2018"]
[Site "Minsk"]
[Date "2018.06.22"]
[Round "6"]
[White "Sarbay, Aleksandr"]
[Black "Laptii, Nazar"]
[Result "0-1"]
[WhiteElo "2183"]
[BlackElo "1915"]
[Annotator "NA"]
[PlyCount "68"]
[EventDate "2018.06.21"]
[EventCountry "BLR"]
[SourceTitle "playchess.com"]
[Source "ChessBase"]
[SourceQuality "1"]
[TimeControl "900+10"]

1. e4 {[%emt 0:00:00]} d5 {[%emt 0:00:01]} 2. exd5 {[%emt 0:00:00]} Nf6 {[%emt 0:00:01]} 3. d4 {[%emt 0:00:17]} Nxd5 {[%emt 0:00:03]} 4. Nf3 {[%emt 0:00:01]} Bf5 {[%emt 0:00:04]} 5. Bd3 {[%emt 0:00:26]} Bxd3 {[%emt 0:00:02]} 6. Qxd3 {[%emt 0:00:02]} e6 {[%emt 0:00:08]} 7. Qb5+ {[%emt 0:01:26]} Nc6 {[%emt 0:00:15]} 8. O-O {[%emt 0:00:44]} a6 {[%emt 0:00:23]} 9. Qe2 {[%emt 0:00:18]} Be7 {[%emt 0:00:18]} 10. c4 {[%emt 0:00:18]} Nb6 {[%emt 0:00:18]} 11. Be3 {[%emt 0:01:54]} O-O {[%emt 0:00:33]} 12. Nc3 {[%emt 0:00:02]} h6 {[%emt 0:02:50]} 13. d5 {[%emt 0:01:26]} exd5 {[%emt 0:00:45]} 14. Bxb6 {[%emt 0:00:02]} cxb6 {[%emt 0:00:08]} 15. cxd5 {[%emt 0:00:33]} Na7 {[%emt 0:00:34]} 16. Nd4 {[%emt 0:02:21]} g6 {[%emt 0:02:27]} 17. Rad1 {[%emt 0:02:58]} Nc8 {[%emt 0:00:42]} 18. Rfe1 {[%emt 0:01:22]} Bf6 {[%emt 0:00:15]} 19. Ne4 {[%emt 0:00:21]} Nd6 {[%emt 0:00:28]} 20. Ne6 {[%emt 0:00:56]} Qe7 {[%emt 0:05:58]} 21. Nxf6+ {[%emt 0:00:26]} Qxf6 {[%emt 0:00:02]} 22. Nxf8 Kxf8 {[%emt 0:00:01]} 23. Qe3 {[%emt 0:00:39]} Nf5 {[%emt 0:00:21]} 24. Qa3+ {[%emt 0:00:17]} Nd6 {[%emt 0:01:25]} 25. Re6 {[%emt 0:00:23]} fxe6 {[%emt 0:00:12]} 26. Qxd6+ {[%emt 0:00:02]} Qe7 {[%emt 0:00:34]} 27. Qxb6 Rd8 {[%emt 0:00:35]} 28. d6 {[%emt 0:00:32]} Qd7 {[%emt 0:00:06]} 29. Qd4 {[%emt 0:00:10]} Qg7 {[%emt 0:00:17]} 30. Qf4+ {[%emt 0:00:11]} Kg8 {[%emt 0:00:02]} 31. Rc1 {[%emt 0:01:31]} e5 {[%emt 0:00:19]} 32. Qc4+ {[%emt 0:00:19]} Kh8 {[%emt 0:00:01]} 33. Qe6 {[%emt 0:00:11]} Rd7 {[%emt 0:00:15]} 34. h4 {[%emt 0:00:19]} h5 {[%emt 0:00:13]} 0-1

[Event "Kupreichik Memorial Open 2018"]
[Site "Minsk"]
[Date "2018.06.22"]
[Round "6"]
[White "Savolainen, Lev P"]
[Black "Talma, Sergei"]
[Result "1-0"]
[WhiteElo "2163"]
[BlackElo "1858"]
[Annotator "NA"]
[PlyCount "61"]
[EventDate "2018.06.21"]
[EventCountry "BLR"]
[SourceTitle "playchess.com"]
[Source "ChessBase"]
[SourceQuality "1"]
[TimeControl "900+10"]

1. d4 {[%emt 0:00:00]} d5 {[%emt 0:00:02]} 2. c4 {[%emt 0:00:00]} e6 {[%emt 0:00:02]} 3. Nc3 {[%emt 0:00:00]} Nf6 {[%emt 0:00:02]} 4. Bg5 {[%emt 0:00:00]} Be7 {[%emt 0:00:01]} 5. cxd5 {[%emt 0:00:03]} Nxd5 {[%emt 0:00:05]} 6. Bxe7 {[%emt 0:00:02]} Qxe7 {[%emt 0:00:03]} 7. Rc1 {[%emt 0:00:03]} Nxc3 {[%emt 0:00:14]} 8. Rxc3 {[%emt 0:00:01]} O-O {[%emt 0:00:33]} 9. Nf3 {[%emt 0:00:05]} Rd8 {[%emt 0:00:41]} 10. e4 {[%emt 0:00:23]} b6 {[%emt 0:01:10]} 11. Qc2 {[%emt 0:00:17]} c5 {[%emt 0:00:16]} 12. dxc5 {[%emt 0:00:48]} bxc5 {[%emt 0:00:18]} 13. Bb5 {[%emt 0:02:59]} a6 {[%emt 0:05:39]} 14. Ba4 {[%emt 0:00:30]} Bd7 {[%emt 0:00:30]} 15. O-O {[%emt 0:01:17]} Bxa4 {[%emt 0:00:24]} 16. Qxa4 {[%emt 0:00:03]} Nd7 {[%emt 0:00:04]} 17. Qc2 {[%emt 0:02:22]} e5 {[%emt 0:01:07]} 18. h3 {[%emt 0:00:41]} f6 {[%emt 0:00:51]} 19. Rd1 {[%emt 0:00:06]} Nf8 {[%emt 0:00:23]} 20. Rxd8 {[%emt 0:00:11]} Rxd8 {[%emt 0:00:04]} 21. Rxc5 {[%emt 0:00:10]} Rd1+ {[%emt 0:01:20]} 22. Kh2 {[%emt 0:00:58]} Qd7 {[%emt 0:01:25]} 23. Qc4+ {[%emt 0:01:10]} Qe6 {[%emt 0:01:13]} 24. Qxe6+ {[%emt 0:00:29]} Nxe6 {[%emt 0:00:01]} 25. Rc6 {[%emt 0:00:04]} Nf4 {[%emt 0:00:56]} 26. Rxa6 {[%emt 0:00:59]} Nd3 {[%emt 0:00:02]} 27. Rb6 {[%emt 0:03:30]} Nxf2 {[%emt 0:01:03]} 28. a4 {[%emt 0:00:33]} h5 {[%emt 0:00:34]} 29. g3 {[%emt 0:00:29]} Nxe4 {[%emt 0:00:15]} 30. a5 {[%emt 0:00:09]} Rf1 31. a6 {time} 1-0

[Event "Kupreichik Memorial Open 2018"]
[Site "Minsk"]
[Date "2018.06.22"]
[Round "6"]
[White "Badelka, Olga"]
[Black "Meshkov, Yuri A"]
[Result "0-1"]
[WhiteElo "2153"]
[BlackElo "2375"]
[Annotator "NA"]
[PlyCount "110"]
[EventDate "2018.06.21"]
[EventCountry "BLR"]
[SourceTitle "playchess.com"]
[Source "ChessBase"]
[SourceQuality "1"]
[TimeControl "900+10"]

1. c4 {[%emt 0:00:00]} g6 {[%emt 0:00:06]} 2. d4 {[%emt 0:00:00]} Bg7 {[%emt 0:00:01]} 3. Nc3 {[%emt 0:00:00]} d6 {[%emt 0:00:05]} 4. e4 {[%emt 0:00:03]} Nc6 {[%emt 0:00:07]} 5. Nge2 {[%emt 0:02:09]} e5 {[%emt 0:00:29]} 6. d5 {[%emt 0:00:33]} Nce7 {[%emt 0:00:01]} 7. Ng3 {[%emt 0:00:26]} h5 {[%emt 0:00:18]} 8. Be2 {[%emt 0:00:01]} h4 {[%emt 0:00:21]} 9. Nf1 f5 10. Bg5 {[%emt 0:00:36]} Bf6 {[%emt 0:00:06]} 11. Qd2 {[%emt 0:00:49]} Nxd5 {[%emt 0:00:27]} 12. Bxf6 {[%emt 0:00:41]} Ndxf6 {[%emt 0:00:02]} 13. exf5 {[%emt 0:00:39]} gxf5 {[%emt 0:00:04]} 14. Ne3 {[%emt 0:00:03]} Be6 {[%emt 0:00:35]} 15. Ned5 {[%emt 0:00:16]} c6 {[%emt 0:00:09]} 16. Nxf6+ {[%emt 0:00:47]} Nxf6 {[%emt 0:00:01]} 17. O-O-O {[%emt 0:00:04]} d5 {[%emt 0:01:15]} 18. cxd5 {[%emt 0:01:01]} cxd5 {[%emt 0:00:01]} 19. f4 {[%emt 0:01:21]} e4 {[%emt 0:01:04]} 20. Nb5 {[%emt 0:02:05]} Qb6 {[%emt 0:00:15]} 21. Kb1 {[%emt 0:00:47]} Kf7 {[%emt 0:01:36]} 22. Nd4 {[%emt 0:00:09]} Rag8 {[%emt 0:00:34]} 23. Rc1 {[%emt 0:00:53]} Rc8 {[%emt 0:03:19]} 24. Rcd1 {[%emt 0:00:12]} Rhg8 {[%emt 0:00:10]} 25. Rhg1 {[%emt 0:00:08]} a6 {[%emt 0:00:10]} 26. Qe3 {[%emt 0:00:55]} Qd6 {[%emt 0:00:25]} 27. Qf2 {[%emt 0:00:25]} Rh8 {[%emt 0:00:13]} 28. g4 {[%emt 0:00:59]} hxg3 {[%emt 0:00:02]} 29. hxg3 {[%emt 0:00:03]} Bd7 {[%emt 0:00:23]} 30. Rh1 {[%emt 0:00:16]} Qc5 {[%emt 0:00:14]} 31. Qe3 {[%emt 0:00:10]} Qb4 {[%emt 0:01:13]} 32. Rh4 {[%emt 0:01:00]} Rhg8 {[%emt 0:00:33]} 33. Bh5+ {[%emt 0:01:36]} Ke7 {[%emt 0:00:02]} 34. Be2 {[%emt 0:00:03]} Rg7 {[%emt 0:00:03]} 35. a3 {[%emt 0:00:33]} Qc5 {[%emt 0:00:10]} 36. Rhh1 {[%emt 0:00:08]} Qd6 {[%emt 0:00:22]} 37. Rc1 {[%emt 0:00:07]} Rxc1+ {[%emt 0:00:19]} 38. Rxc1 {[%emt 0:00:01]} Rh7 {[%emt 0:00:02]} 39. Nb3 {[%emt 0:00:25]} Rh2 {[%emt 0:00:16]} 40. Bd1 {[%emt 0:00:20]} d4 {[%emt 0:03:35]} 41. Nxd4 {[%emt 0:00:10]} Nd5 {[%emt 0:00:01]} 42. Qg1 {[%emt 0:00:15]} Rd2 {[%emt 0:00:01]} 43. Nb3 {[%emt 0:00:14]} Rd3 {[%emt 0:00:17]} 44. Nc5 {[%emt 0:00:07]} Re3 {[%emt 0:00:12]} 45. Qh2 {[%emt 0:00:16]} Nf6 {[%emt 0:00:54]} 46. Qf2 {[%emt 0:00:27]} Qd4 {[%emt 0:00:24]} 47. Bb3 {[%emt 0:00:24]} Bb5 {[%emt 0:00:29]} 48. Ka2 {[%emt 0:00:11]} Ng4 {[%emt 0:00:12]} 49. Qg1 {[%emt 0:00:09]} b6 50. Qh1 {[%emt 0:00:11]} bxc5 {[%emt 0:00:37]} 51. Qh7+ {[%emt 0:00:01]} Kd6 {[%emt 0:00:00]} 52. Qa7 {[%emt 0:00:18]} Rxb3 {[%emt 0:00:14]} 53. Qb8+ {[%emt 0:00:07]} Ke7 {[%emt 0:00:03]} 54. Kxb3 {[%emt 0:00:12]} Qd5+ {[%emt 0:00:04]} 55. Kc2 {[%emt 0:00:13]} Qd3# {[%emt 0:00:00]} 0-1

[Event "Kupreichik Memorial Open 2018"]
[Site "Minsk"]
[Date "2018.06.22"]
[Round "6"]
[White "Vashchilov, Sergey"]
[Black "Zagorskii, Artem"]
[Result "0-1"]
[WhiteElo "2122"]
[BlackElo "1705"]
[Annotator "NA"]
[PlyCount "106"]
[EventDate "2018.06.21"]
[EventCountry "BLR"]
[SourceTitle "playchess.com"]
[Source "ChessBase"]
[SourceQuality "1"]
[TimeControl "900+10"]

1. e4 {[%emt 0:00:00]} c5 {[%emt 0:00:01]} 2. Nf3 {[%emt 0:00:00]} e6 {[%emt 0:00:01]} 3. b3 {[%emt 0:00:00]} Nf6 {[%emt 0:00:06]} 4. Nc3 {[%emt 0:00:02]} d5 {[%emt 0:00:19]} 5. exd5 {[%emt 0:00:01]} exd5 {[%emt 0:00:39]} 6. Bb5+ {[%emt 0:00:02]} Bd7 {[%emt 0:00:28]} 7. Bxd7+ {[%emt 0:00:12]} Nbxd7 {[%emt 0:00:04]} 8. O-O {[%emt 0:00:15]} Be7 {[%emt 0:00:04]} 9. d4 {[%emt 0:00:20]} O-O {[%emt 0:01:16]} 10. Bb2 {[%emt 0:00:37]} Rc8 {[%emt 0:00:14]} 11. h3 {[%emt 0:01:51]} c4 {[%emt 0:00:13]} 12. bxc4 {[%emt 0:01:04]} Rxc4 {[%emt 0:00:12]} 13. Ne5 {[%emt 0:00:08]} Rc8 {[%emt 0:00:17]} 14. Qf3 {[%emt 0:01:46]} Nb6 {[%emt 0:00:54]} 15. Rab1 {[%emt 0:00:42]} Nc4 {[%emt 0:01:28]} 16. Bc1 {[%emt 0:00:02]} Nb6 {[%emt 0:05:49]} 17. a4 {[%emt 0:00:29]} a5 {[%emt 0:00:14]} 18. Rb5 {[%emt 0:00:55]} Qc7 {[%emt 0:00:48]} 19. Bd2 {[%emt 0:02:43]} Bb4 {[%emt 0:01:10]} 20. Rb1 {[%emt 0:00:59]} Nc4 {[%emt 0:02:24]} 21. Bf4 {[%emt 0:02:11]} Na3 {[%emt 0:00:47]} 22. R1xb4 {[%emt 0:03:07]} axb4 {[%emt 0:00:28]} 23. Rc5 {[%emt 0:00:55]} Qd8 {[%emt 0:00:40]} 24. Nxd5 {[%emt 0:00:01]} Rxc5 {[%emt 0:00:16]} 25. Nxf6+ {[%emt 0:00:03]} Qxf6 {[%emt 0:00:01]} 26. dxc5 {[%emt 0:00:35]} Qa6 {[%emt 0:00:25]} 27. Qb3 {[%emt 0:00:11]} Qa5 {[%emt 0:00:10]} 28. Nd7 {[%emt 0:00:12]} Rd8 {[%emt 0:00:05]} 29. Ne5 {[%emt 0:00:01]} Rf8 {[%emt 0:00:03]} 30. Nd3 {[%emt 0:00:15]} Qa6 {[%emt 0:00:22]} 31. Bd6 {[%emt 0:00:01]} Re8 {[%emt 0:00:02]} 32. Ne5 {[%emt 0:00:00]} Re6 {[%emt 0:00:01]} 33. Qxb4 {[%emt 0:00:24]} Nxc2 {[%emt 0:00:02]} 34. Qb2 {[%emt 0:00:01]} Qe2 {[%emt 0:00:32]} 35. Qxb7 {[%emt 0:00:01]} Qe1+ {[%emt 0:00:02]} 36. Kh2 {[%emt 0:00:01]} Rxe5 {[%emt 0:00:01]} 37. Bxe5 {[%emt 0:00:18]} Qxe5+ {[%emt 0:00:01]} 38. g3 {[%emt 0:00:00]} Qxc5 {[%emt 0:00:02]} 39. Qb8+ {[%emt 0:00:42]} Qf8 {[%emt 0:00:01]} 40. Qc7 {[%emt 0:00:13]} Nb4 {[%emt 0:00:11]} 41. Qb7 {[%emt 0:00:09]} h6 {[%emt 0:00:13]} 42. a5 {[%emt 0:00:14]} Qc5 {[%emt 0:00:02]} 43. Qa8+ {[%emt 0:00:01]} Kh7 {[%emt 0:00:04]} 44. Kg1 {[%emt 0:00:17]} Qb5 {[%emt 0:00:27]} 45. Qa7 {[%emt 0:00:13]} f5 {[%emt 0:00:12]} 46. g4 {[%emt 0:00:12]} fxg4 {[%emt 0:00:02]} 47. hxg4 {[%emt 0:00:01]} Nc6 {[%emt 0:00:02]} 48. Qd7 {[%emt 0:00:07]} Qb1+ {[%emt 0:00:04]} 49. Kg2 {[%emt 0:00:08]} Qe4+ {[%emt 0:00:05]} 50. f3 {[%emt 0:00:09]} Qc2+ {[%emt 0:00:03]} 51. Kg3 {[%emt 0:00:04]} Nxa5 {[%emt 0:00:03]} 52. Qd5 {[%emt 0:00:23]} Nc4 {[%emt 0:00:19]} 53. g5 {[%emt 0:00:03]} Ne3 {[%emt 0:00:25]} 0-1

[Event "Kupreichik Memorial Open 2018"]
[Site "Minsk"]
[Date "2018.06.22"]
[Round "6"]
[White "Shaban, Alena"]
[Black "Beliuga, Mikhail"]
[Result "0-1"]
[WhiteElo "2027"]
[BlackElo "1699"]
[Annotator "NA"]
[PlyCount "68"]
[EventDate "2018.06.21"]
[EventCountry "BLR"]
[SourceTitle "playchess.com"]
[Source "ChessBase"]
[SourceQuality "1"]
[TimeControl "900+10"]

1. Nf3 {[%emt 0:00:00]} Nf6 {[%emt 0:00:01]} 2. g3 {[%emt 0:00:00]} b6 {[%emt 0:00:19]} 3. Bg2 {[%emt 0:00:00]} Bb7 {[%emt 0:00:01]} 4. O-O {[%emt 0:00:00]} e6 {[%emt 0:00:03]} 5. d3 {[%emt 0:00:00]} d5 {[%emt 0:00:30]} 6. Nbd2 {[%emt 0:00:00]} Be7 {[%emt 0:00:31]} 7. c3 {[%emt 0:00:05]} c5 {[%emt 0:00:31]} 8. Qc2 {[%emt 0:00:03]} Qc7 {[%emt 0:00:45]} 9. e4 {[%emt 0:00:03]} Nbd7 {[%emt 0:00:03]} 10. Re1 {[%emt 0:00:31]} dxe4 {[%emt 0:01:54]} 11. dxe4 {[%emt 0:00:03]} O-O {[%emt 0:00:28]} 12. c4 {[%emt 0:02:07]} Rfd8 {[%emt 0:01:22]} 13. e5 {[%emt 0:00:58]} Ng4 {[%emt 0:01:12]} 14. Qc3 {[%emt 0:00:04]} Nh6 {[%emt 0:02:47]} 15. Ne4 {[%emt 0:00:40]} Nf5 {[%emt 0:00:03]} 16. Bf4 {[%emt 0:00:07]} Nf8 {[%emt 0:00:36]} 17. g4 {[%emt 0:02:09]} Ng6 {[%emt 0:05:55]} 18. Bg3 {[%emt 0:03:20]} Nxg3 {[%emt 0:00:05]} 19. hxg3 {[%emt 0:00:58]} Rd7 {[%emt 0:00:00]} 20. Re2 {[%emt 0:02:19]} Rad8 {[%emt 0:00:05]} 21. Rae1 {[%emt 0:00:01]} Rd3 {[%emt 0:00:16]} 22. Qc2 {[%emt 0:00:25]} Nxe5 {[%emt 0:00:33]} 23. Nxe5 {[%emt 0:00:04]} Qxe5 {[%emt 0:00:01]} 24. Nxc5 {[%emt 0:03:02]} Qxc5 {[%emt 0:00:08]} 25. Bxb7 {[%emt 0:00:03]} Rxg3+ {[%emt 0:00:06]} 26. Kf1 {[%emt 0:01:14]} Rxg4 {[%emt 0:00:22]} 27. b3 {[%emt 0:00:16]} Qg5 {[%emt 0:00:05]} 28. Re3 {[%emt 0:00:10]} Bc5 {[%emt 0:00:12]} 29. Rh3 {[%emt 0:00:52]} Rg1+ {[%emt 0:00:07]} 30. Ke2 {[%emt 0:00:01]} Qg4+ {[%emt 0:00:15]} 31. Rf3 {[%emt 0:00:01]} Rg2 {[%emt 0:00:25]} 32. Rf1 {[%emt 0:00:14]} g6 {[%emt 0:00:22]} 33. Ke1 {[%emt 0:00:05]} Qd4 {[%emt 0:00:15]} 34. Re3 {[%emt 0:00:14]} Rxf2 {[%emt 0:00:09]} 0-1